| 000 | 00609nam a2200169 a 4500 | ||
|---|---|---|---|
| 001 | 000042861 | ||
| 005 | 20201002040443.0 | ||
| 008 | 140211s2001 xxu 000 0 spa d | ||
| 040 |
_aDO-SdBNP _bspa _cBNPHU |
||
| 100 | 1 |
_aCosta, Carlos Eurico de _970260 |
|
| 245 | 1 | 3 |
_aLa Ciudad de Palagüin : _ba cidade de Palagüin / _cCarlos Eurico de Costa : edición y tradución Perfecto E. Cuadrado. |
| 260 |
_aMérida : _bUnión Europea, _c2001. |
||
| 300 |
_a57 p. ; _c21 cm. |
||
| 490 | 1 |
_aLa estirpe de los Arconautas _v2 |
|
| 700 | 1 |
_aCuadrado, Perfecto E. _969923 |
|
| 830 | 0 |
_aLa estirpe de los Arconautas _v2 _970261 |
|
| 999 |
_c42350 _d42350 |
||